Convenio multilateral (Registro nro. 3602)

Detalles MARC
000 -LEADER
fixed length control field 01246 a2200253 4500
001 - CONTROL NUMBER
control field 42319
005 - DATE AND TIME OF LATEST TRANSACTION
control field 20260407155713.0
008 - FIXED-LENGTH DATA ELEMENTS--GENERAL INFORMATION
fixed length control field 260407a2016 arg spa d
003 - CONTROL NUMBER IDENTIFIER
control field AR-UNSa-BCEJYS
040 ## - CATALOGING SOURCE
Original cataloging agency AR-UNSa-BCEJYS
Language of cataloging spa
Transcribing agency AR-UNSa-BCEJYS
080 ## - UNIVERSAL DECIMAL CLASSIFICATION NUMBER
Universal Decimal Classification number 336.226.111
Common auxiliary subdivision Impuestos sobre ingresos totales (Ingresos brutos - Convenio Multilateral)
020 ## - INTERNATIONAL STANDARD BOOK NUMBER
International Standard Book Number 978-987-01-1929-6
041 ## - LANGUAGE CODE
Language code of text/sound track or separate title spa
100 1# - MAIN ENTRY--PERSONAL NAME
Personal name Bavera, M. Josefina
245 10 - TITLE STATEMENT
Title Convenio multilateral
250 ## - EDITION STATEMENT
Edition statement 7a. ed.
264 #1 - PRODUCTION, PUBLICATION, DISTRIBUTION, MANUFACTURE, AND COPYRIGHT NOTICE
Place of production, publication, distribution, manufacture Buenos Aires :
Name of producer, publisher, distributor, manufacturer Errepar
Date of production, publication, distribution, manufacture, or copyright notice 2016
300 ## - PHYSICAL DESCRIPTION
Extent xvii, 250 p.
Dimensions 27 cm.
505 ## - FORMATTED CONTENTS NOTE
Formatted contents note 1. Principales novedades 2014/2015 - 2. Ámbito de aplicación del convenio - 3. Régimen general y regímenes especiales - 4. Inicio, cese de actividades y cuestiones generales - 5. Sistemas aplicativos y declaraciones juradas - 6. Organismos de aplicación, procedimientos recursivos y protocolo adicional - 7. Artículo 35 - Tributos municipales - 8. Práctica integral - 9. Consultas frecuentes - 10. Cuestiones controvertidas - 11. Datos útiles
590 ## - LOCAL NOTE (RLIN)
Local note niveau_biblio:m niveau_hierar:0
700 1# - ADDED ENTRY--PERSONAL NAME
Personal name Vanney, Carlos F.
856 41 - ELECTRONIC LOCATION AND ACCESS
Uniform Resource Identifier <a href="https://biblioeco.unsa.edu.ar/pmb/images/libros/L126535.jpg">https://biblioeco.unsa.edu.ar/pmb/images/libros/L126535.jpg</a>
Link text Imagen de portada
Electronic format type image/jpeg
942 ## - ADDED ENTRY ELEMENTS (KOHA)
Koha item type
Existencias
Withdrawn status Lost status Damaged status Not for loan Home library Current library Shelving location Date acquired Total checkouts Full call number Barcode Date last seen Price effective from Koha item type
        Biblioteca Prof. Eusebio Cleto del Rey Biblioteca Prof. Eusebio Cleto del Rey   07/04/2026   336.226.111 B353 7ed. L126535 07/04/2026 07/04/2026 Libro
        Biblioteca Prof. Eusebio Cleto del Rey Biblioteca Prof. Eusebio Cleto del Rey   07/04/2026   336.226.111 B353 7ed. L126536 07/04/2026 07/04/2026 Libro
        Biblioteca Prof. Eusebio Cleto del Rey Biblioteca Prof. Eusebio Cleto del Rey   07/04/2026   336.226.111 B353 7ed. L126537 07/04/2026 07/04/2026 Libro
        Biblioteca Prof. Eusebio Cleto del Rey Biblioteca Prof. Eusebio Cleto del Rey   07/04/2026   336.226.111 B353 7ed. L126538 07/04/2026 07/04/2026 Libro
        Biblioteca Prof. Eusebio Cleto del Rey Biblioteca Prof. Eusebio Cleto del Rey   07/04/2026   336.226.111 B353 7ed. L126539 07/04/2026 07/04/2026 Libro